| 000 | 00874nam0a22002531 4500 | ||
|---|---|---|---|
| 001 | rc\601582 | ||
| 005 | 20250621180904.0 | ||
| 035 | _a(NLR Aleph) 005845945 | ||
| 090 |
_a5728257 _c5728257 |
||
| 100 | _a20031121d1986 |||y0rusy50 ca | ||
| 101 | 0 | _arus | |
| 102 | _aRU | ||
| 105 | _aa ||||||||| | ||
| 200 | 1 |
_aДошколятам _e[Потешки, песенки, стихи, сказки, рассказы _eКн. для воспитателей дет. садов] _fСост. Л.М. Аксючиц |
|
| 205 | _a2-е изд. | ||
| 210 |
_aМинск _cНар. асвета _d1986 |
||
| 215 |
_a175, [1] с. _cил. _d20 |
||
| 300 | _aЧасть текста: белорус. | ||
| 702 | 1 |
_aАксючиц _bЛ.М. _gЛариса Михайловна _4220 |
|
| 801 | 0 |
_aRU _bNLR _gpsbo |
|
| 801 | 1 |
_aRU _bELAR _2rusmarc |
|
| 852 |
_aNLR _j86-3/9088 |
||
| 942 | _cBOOK | ||
| 980 | _aNB | ||